<?xml version="1.0" encoding="UTF-8"?><?xml-stylesheet type="text/xsl" href="static/style.xsl"?><OAI-PMH xmlns="http://www.openarchives.org/OAI/2.0/" xmlns:xsi="http://www.w3.org/2001/XMLSchema-instance" xsi:schemaLocation="http://www.openarchives.org/OAI/2.0/ http://www.openarchives.org/OAI/2.0/OAI-PMH.xsd"><responseDate>2026-06-05T21:45:38Z</responseDate><request verb="GetRecord" identifier="oai:riuma.uma.es:10630/12260" metadataPrefix="marc">https://riuma.uma.es/rest/oai/request</request><GetRecord><record><header><identifier>oai:riuma.uma.es:10630/12260</identifier><datestamp>2026-02-03T12:24:45Z</datestamp><setSpec>com_10630_2254</setSpec><setSpec>col_10630_37959</setSpec></header><metadata><record xmlns="http://www.loc.gov/MARC21/slim" xmlns:dcterms="http://purl.org/dc/terms/" xmlns:doc="http://www.lyncode.com/xoai" xmlns:xsi="http://www.w3.org/2001/XMLSchema-instance" xsi:schemaLocation="http://www.loc.gov/MARC21/slim http://www.loc.gov/standards/marcxml/schema/MARC21slim.xsd">
   <leader>00925njm 22002777a 4500</leader>
   <datafield ind2=" " ind1=" " tag="042">
      <subfield code="a">dc</subfield>
   </datafield>
   <datafield ind2=" " ind1=" " tag="720">
      <subfield code="a">Perán-Quesada, Salvador</subfield>
      <subfield code="e">author</subfield>
   </datafield>
   <datafield ind2=" " ind1=" " tag="260">
      <subfield code="c">2016-10-24</subfield>
   </datafield>
   <datafield ind2=" " ind1=" " tag="520">
      <subfield code="a">La precaria inclusión de las terapias de reasignación de sexo en la cartera de servicios del sistema nacional de salud representa las tensiones y dificultades a las que deben enfrentar las personas transexuales en nuestro país. Que el mayor avance normativo venga de la mano de las Comunidades Autónomas nos sitúa ante un escenario con diversos tratamientos que abarcan desde el derecho subjetivo a la libre determinación del sexo a protocolos de corte disciplinante. Sin duda nuestra sociedad esta abriéndose a la normalización y aceptación de la diversidad sexual y por tanto las normas que aquí se analizan tienen la virtud de ser pioneras, lo que implica que deberán saber evolucionar en pro de un tratamiento igualitario y no discriminatorio de todos los grupos sociales que componen nuestra sociedad.</subfield>
   </datafield>
   <datafield ind1="8" ind2=" " tag="024">
      <subfield code="a">http://hdl.handle.net/10630/12260</subfield>
   </datafield>
   <datafield tag="653" ind2=" " ind1=" ">
      <subfield code="a">Cambio de sexo</subfield>
   </datafield>
   <datafield tag="653" ind2=" " ind1=" ">
      <subfield code="a">Asistencia sanitaria</subfield>
   </datafield>
   <datafield ind2="0" ind1="0" tag="245">
      <subfield code="a">Transexualidad y asistencia pública sanitaria</subfield>
   </datafield>
</record>
</metadata></record></GetRecord></OAI-PMH>